[Event "zonal 3.2"]
[Site "Jakarta INA"]
[Date "1993.??.??"]
[Round "10"]
[White "Norris, Damian"]
[Black "Gunawan, Ruben"]
[Result "0-1"]
[WhiteElo "2235"]
[BlackElo "2420"]
[EventDate "1993.01.??"]
[PlyCount "62"]

1.e4 c5 2.Nf3 e6 3.d4 cxd4 4.Nxd4 a6 5.f4 Qc7 6.Bd3 Bc5 7.Nb3 Ba7 8.e5 Nc6
9.Nc3 d6 10.Qg4 g6 11.exd6 Qxd6 12.Ne4 Qe7 13.Qe2 e5 14.Bd2 f5 15.Nc3 Nf6 
16.fxe5 Qxe5 17.O-O-O Qxe2 18.Bxe2 Be6 19.Bh6 Kf7 20.Rd6 Rhe8 21.Bg5 Rad8 
22.Rhd1 Rxd6 23.Rxd6 Bb8 24.Rxe6 Kxe6 25.Bc4+ Ke5 26.g3 Ne4 27.Nxe4 fxe4 
28.Nc5 Kf5 29.Be3 Ne5 30.Bd5 Ng4 31.Bf7 Re7 0-1

[Event "zonal 3.2"]
[Site "Jakarta INA"]
[Date "1993.??.??"]
[Round "10"]
[White "Reilly, Tim"]
[Black "Juswanto, Denny"]
[Result "1-0"]
[WhiteElo "2350"]
[BlackElo "2280"]
[EventDate "1993.01.??"]
[PlyCount "67"]

1.d4 Nf6 2.c4 d6 3.Nc3 Nbd7 4.e4 e5 5.d5 Be7 6.Be3 O-O 7.f3 a5 8.Qd2 Nc5 
9.O-O-O a4 10.Kb1 Ra5 11.g4 c6 12.h4 cxd5 13.cxd5 Nfd7 14.g5 b6 15.h5 f5 
16.exf5 Rxf5 17.Bh3 Rf8 18.g6 hxg6 19.hxg6 Bh4 20.Bxc5 Nxc5 21.Bxc8 Qf6 
22.Be6+ Nxe6 23.dxe6 Qxg6+ 24.Qc2 Qg5 25.Ne4 Qe7 26.Rxd6 Raa8 27.Qg2 Ra7 
28.Ne2 a3 29.b3 Rc7 30.Rhd1 Rfc8 31.Rd7 Qf8 32.Rxc7 Rxc7 33.N2c3 Qf5 34.
Qg4 1-0

[Event "zonal 3.2"]
[Site "Jakarta INA"]
[Date "1993.??.??"]
[Round "10"]
[White "Mok Tze Meng"]
[Black "Yang Xian"]
[Result "0-1"]
[WhiteElo "2200"]
[BlackElo "2415"]
[EventDate "1993.01.??"]
[PlyCount "80"]

1.e4 c5 2.Nf3 d6 3.d4 cxd4 4.Nxd4 Nf6 5.Nc3 a6 6.Be2 e5 7.Nf3 h6 8.a4 Be6 
9.O-O Nc6 10.b3 Be7 11.Bb2 O-O 12.Re1 Rc8 13.Qd2 Qc7 14.Bd1 Nb8 15.a5 Qc6 
16.Qe3 Nbd7 17.Be2 Rfe8 18.h3 Bf8 19.Ra4 Nc5 20.Rb4 Qc7 21.Ra1 d5 22.exd5 
Bxd5 23.Rh4 Bc6 24.Rc4 Ncd7 25.b4 Qb8 26.Nd2 b5 27.axb6 Nxb6 28.Rh4 g5 29.
Rxa6 Nbd5 30.Nxd5 Nxd5 31.Qg3 Bg7 32.Rc4 Nf4 33.Bf3 Bb5 34.Rxc8 Qxc8 35.
Ra5 Qxc2 36.Rxb5 Qxd2 37.Ba3 e4 38.Bg4 e3 39.fxe3 Rxe3 40.Qf2 Re1+ 0-1

[Event "zonal 3.2"]
[Site "Jakarta INA"]
[Date "1993.??.??"]
[Round "11"]
[White "Gunawan, Ruben"]
[Black "Rogers, Ian"]
[Result "0-1"]
[WhiteElo "2420"]
[BlackElo "2575"]
[EventDate "1993.01.??"]
[PlyCount "86"]

1.e4 c6 2.Nc3 d5 3.Nf3 Bg4 4.h3 Bxf3 5.Qxf3 e6 6.g3 Nf6 7.d3 Bb4 8.Bd2 Qb6
9.a3 Bxc3 10.Bxc3 d4 11.Bd2 Qxb2 12.Qd1 Qb6 13.Bg2 e5 14.O-O c5 15.f4 Nc6 
16.Rb1 Qc7 17.g4 Nd7 18.c3 dxc3 19.Bxc3 b6 20.Qa4 O-O 21.f5 Nd4 22.Qd1 Qd8
23.Bd2 f6 24.h4 g5 25.fxg6 hxg6 26.g5 Rc8 27.Qg4 Qe8 28.gxf6 Nxf6 29.Qg5 
Rc6 30.Rf2 Nh7 31.Rxf8+ Kxf8 32.Rf1+ Kg8 33.Qg4 Qe6 34.Qd1 Rc7 35.Kh2 Rf7 
36.Bh3 Qa2 37.Rxf7 Kxf7 38.Kh1 Nf6 39.Bg5 Nh5 40.Bg4 Ng3+ 41.Kg1 Nde2+ 42.
Kf2 Nc3+ 43.Qd2 Ngxe4+ 0-1

[Event "zonal 3.2"]
[Site "Jakarta INA"]
[Date "1993.??.??"]
[Round "11"]
[White "Reilly, Tim"]
[Black "Handoko, Edhi"]
[Result "0-1"]
[WhiteElo "2350"]
[BlackElo "2475"]
[EventDate "1993.01.??"]
[PlyCount "120"]

1.d4 d5 2.c4 c6 3.cxd5 cxd5 4.Nc3 Nf6 5.Nf3 a6 6.Bf4 Nc6 7.e3 Bf5 8.Ne5 
Qb6 9.a3 e6 10.Nxc6 bxc6 11.Na4 Qb7 12.Rc1 Nd7 13.Be2 Be7 14.O-O O-O 15.
Rc3 Rfc8 16.Qd2 c5 17.dxc5 Bf6 18.Rcc1 a5 19.Bd6 Bg6 20.h3 Rc6 21.f4 Qb3 
22.Bd1 Qd3 23.Qxd3 Bxd3 24.Rf2 Rac8 25.Bc2 Bb5 26.Rd1 Nxc5 27.Bxc5 Bxa4 
28.Bxa4 Rxc5 29.Rdd2 g6 30.Rfe2 Rc1+ 31.Kf2 h5 32.Bb5 Rh1 33.e4 dxe4 34.
Rxe4 Rb1 35.Ree2 h4 36.a4 Rcc1 37.Bd3 Ra1 38.b3 Be7 39.Bb5 g5 40.Kf3 gxf4 
41.Kxf4 Rc5 42.Re5 Rc3 43.Bc4 Kg7 44.Rd7 Kf6 45.Rxa5 Re1 46.Raa7 Bf8 47.
Bd3 Bh6+ 48.Kg4 Ke5 49.Ra5+ Kf6 50.Kxh4 Re3 51.Bh7 Rg3 52.Be4 Rg8 53.Bf3 
Bf4 54.Raa7 Bg3+ 55.Kh5 Rc5+ 56.Bd5 Rxd5+ 57.Rxd5 exd5 58.b4 d4 59.Rd7 Be5
60.b5 Ke6 0-1

[Event "zonal 3.2"]
[Site "Jakarta INA"]
[Date "1993.??.??"]
[Round "11"]
[White "Barus, Cerdas"]
[Black "Tu Hoang Thong"]
[Result "1/2-1/2"]
[WhiteElo "2375"]
[BlackElo "2435"]
[EventDate "1993.01.??"]
[PlyCount "103"]

1.d4 f5 2.g3 Nf6 3.Bg2 e6 4.Nf3 d5 5.c4 c6 6.O-O Bd6 7.b3 Qe7 8.a4 a5 9.
Ba3 Bxa3 10.Nxa3 O-O 11.Nb1 b6 12.Ne5 Bb7 13.Nc3 Nbd7 14.f4 Rfd8 15.cxd5 
Nxd5 16.Nxd5 cxd5 17.Qd2 Nxe5 18.fxe5 Rdc8 19.Bf3 Qb4 20.Qxb4 axb4 21.Ra2 
Rc3 22.Rb1 g5 23.Kf2 g4 24.Bg2 Bc6 25.e3 Bb5 26.Bf1 Bxf1 27.Kxf1 Rac8 28.
a5 bxa5 29.Rxa5 Rxe3 30.Ra7 Rd3 31.Re7 Rxd4 32.Rxe6 f4 33.gxf4 Rxf4+ 34.
Kg1 Rd8 35.Re1 Re4 36.Rxe4 dxe4 37.Kf2 Rd3 38.Rc6 Rxb3 39.Rc4 e3+ 40.Ke2 
h5 41.Rf4 Rb2+ 42.Kxe3 Rxh2 43.e6 Rh3+ 44.Kd2 Ra3 45.Rf5 Ra7 46.Rxh5 Rg7 
47.Rb5 g3 48.Rb8+ Kh7 49.e7 Rxe7 50.Rxb4 g2 51.Rb1 Kh6 52.Rg1 1/2-1/2

[Event "zonal 3.2"]
[Site "Jakarta INA"]
[Date "1993.??.??"]
[Round "11"]
[White "Rodriguez, Ruben"]
[Black "Ker, Anthony"]
[Result "1-0"]
[WhiteElo "2415"]
[BlackElo "2320"]
[EventDate "1993.01.??"]
[PlyCount "67"]

1.e4 d6 2.d4 Nf6 3.f3 c5 4.c3 g6 5.Be3 Qc7 6.Nd2 Bg7 7.Bd3 O-O 8.Ne2 b6 9.
b4 Nbd7 10.O-O Bb7 11.Qe1 a5 12.b5 Rac8 13.Qh4 Kh8 14.d5 Rce8 15.Bg5 Ng8 
16.Rae1 Bc8 17.Bc2 Nb8 18.Bb3 e5 19.dxe6 Bxe6 20.Bxe6 Rxe6 21.Nf4 Ree8 22.
Nd5 Qb7 23.Nc4 f6 24.Bd2 Rd8 25.Qg3 Ne7 26.Nxe7 Qxe7 27.a4 Qb7 28.Bf4 d5 
29.exd5 Rxd5 30.Bd6 Rc8 31.Re7 Nd7 32.Qh3 Rd8 33.Rfe1 Qc8 34.Qe6 1-0

[Event "zonal 3.2"]
[Site "Jakarta INA"]
[Date "1993.??.??"]
[Round "11"]
[White "Utut Adianto"]
[Black "Mok Tze Meng"]
[Result "1/2-1/2"]
[WhiteElo "2490"]
[BlackElo "2200"]
[EventDate "1993.01.??"]
[PlyCount "73"]

1.e4 c5 2.Nf3 Nc6 3.d4 cxd4 4.Nxd4 e5 5.Nb5 a6 6.Nd6+ Bxd6 7.Qxd6 Qf6 8.
Qd2 Nge7 9.Nc3 Qg6 10.h4 h5 11.Rh3 d5 12.Rg3 Qh7 13.Bd3 Nb4 14.Qg5 f6 15.
Qxg7 Qxg7 16.Rxg7 d4 17.Na4 Bg4 18.f3 b5 19.Nc5 Rc8 20.Bd2 Nxd3+ 21.cxd3 
Rxc5 22.Bb4 Rc7 23.fxg4 hxg4 24.Bxe7 Rxe7 25.Rxg4 Rc7 26.Kd2 Kf7 27.Rc1 
Rxc1 28.Kxc1 a5 29.a4 bxa4 30.Kb1 a3 31.b3 f5 32.exf5 Rg8 33.Re4 Rxg2 34.
Rxe5 Rb2+ 35.Ka1 Rxb3 36.Rxa5 Rxd3 37.Ka2 1/2-1/2

[Event "zonal 3.2"]
[Site "Jakarta INA"]
[Date "1993.??.??"]
[Round "11"]
[White "Wohl, Aleksandar"]
[Black "Nishimura, Hiroyuki"]
[Result "1-0"]
[WhiteElo "2360"]
[BlackElo "2325"]
[EventDate "1993.01.??"]
[PlyCount "81"]

1.c4 e6 2.Nf3 c5 3.g3 Nc6 4.Bg2 d5 5.O-O Nf6 6.cxd5 exd5 7.b3 Be7 8.Bb2 
O-O 9.d4 Be6 10.Nc3 Ne4 11.dxc5 Bf6 12.Na4 Bxb2 13.Nxb2 Nxc5 14.Nd3 Ne4 
15.Nf4 Qf6 16.e3 Nc3 17.Qd2 Ne4 18.Qd3 Rfd8 19.Nd4 Nxd4 20.exd4 Bf5 21.Qe3
Qd6 22.Rfe1 Rac8 23.Rac1 Rxc1 24.Rxc1 Kf8 25.g4 Bg6 26.h3 Re8 27.Qf3 Kg8 
28.Re1 Rc8 29.Qe3 Nf6 30.Nxd5 Nxd5 31.Bxd5 h5 32.Bxb7 Rd8 33.Bf3 hxg4 34.
hxg4 Qa3 35.Qe7 Qxe7 36.Rxe7 a5 37.Ra7 Rxd4 38.Rxa5 f6 39.Kg2 Bc2 40.Rc5 
Rd2 41.Rd5 1-0

[Event "zonal 3.2"]
[Site "Jakarta INA"]
[Date "1993.??.??"]
[Round "11"]
[White "Hsu Li Yang"]
[Black "Mohd Kamal, Abdullah"]
[Result "1-0"]
[WhiteElo "2370"]
[BlackElo "2230"]
[EventDate "1993.01.??"]
[PlyCount "87"]

1.d4 Nf6 2.Nf3 g6 3.c4 Bg7 4.g3 O-O 5.Bg2 c5 6.O-O cxd4 7.Nxd4 Nc6 8.Nc3 
Nxd4 9.Qxd4 d6 10.Qd3 Be6 11.b3 Qd7 12.Bb2 Rac8 13.Rac1 Rfd8 14.Rfd1 Bh3 
15.Bh1 Rc5 16.e4 Bh6 17.Rc2 Rh5 18.f3 Rc8 19.Re2 Ne8 20.Nd5 e5 21.g4 Rh4 
22.Bc3 Bg5 23.Be1 Rh6 24.Bg2 Bxg2 25.Rxg2 Rh3 26.Rg3 Rh4 27.Bd2 Bxd2 28.
Qxd2 Qd8 29.Ne3 Qg5 30.Qf2 Qh6 31.Nd5 Kh8 32.Kh1 b6 33.a4 Rc5 34.Ne3 f6 
35.Nd5 Qg5 36.Ne3 Qh6 37.Rdg1 Ng7 38.g5 fxg5 39.Ng4 Qh5 40.Qd2 Ne8 41.b4 
Rc7 42.Qd5 Nf6 43.Qxd6 Nxg4 44.Qf8# 1-0

[Event "zonal 3.2"]
[Site "Jakarta INA"]
[Date "1993.??.??"]
[Round "11"]
[White "Juswanto, Denny"]
[Black "Norris, Damian"]
[Result "1-0"]
[WhiteElo "2280"]
[BlackElo "2235"]
[EventDate "1993.01.??"]
[PlyCount "161"]

1.d4 Nf6 2.Nf3 b6 3.g3 Bb7 4.Bg2 e6 5.O-O Be7 6.c4 O-O 7.Nc3 Ne4 8.Qc2 
Nxc3 9.Qxc3 f5 10.Rd1 Bf6 11.Bf4 d6 12.Rac1 Qe7 13.Qb3 Kh8 14.c5 dxc5 15.
dxc5 e5 16.Be3 Na6 17.Nh4 e4 18.Nxf5 Qe5 19.c6 Bc8 20.Nd4 Nc5 21.Qc2 a5 
22.Bf4 Qe7 23.Nb5 Be5 24.Bxe5 Qxe5 25.Qc3 Qe7 26.Qe3 Bf5 27.Nd4 Bg6 28.h4 
Rf6 29.Nb3 Nxb3 30.axb3 Bf5 31.Rd4 Re8 32.Rcc4 h6 33.Rc3 Qf7 34.Qd2 Kh7 
35.Re3 Rxc6 36.g4 Bxg4 37.Bxe4+ Rxe4 38.Rdxe4 Bf5 39.Re7 Rg6+ 40.Kf1 Bh3+ 
41.Rxh3 Qxe7 42.Qd3 Qd6 43.Qb1 Kg8 44.h5 Rf6 45.Qe4 Qc6 46.Qg4 Qc1+ 47.Kg2
Qg5 48.Qxg5 hxg5 49.Rc3 c5 50.Rg3 Rf5 51.Rd3 Rf4 52.f3 Rb4 53.Kg3 Kf7 54.
e4 Ke6 55.Kg4 Rd4 56.Re3 Kf6 57.Re2 Rd3 58.e5+ Ke6 59.Rf2 Kxe5 60.Kxg5 Rd1
61.Rg2 Rd3 62.Kg6 Rxf3 63.Kxg7 Rxb3 64.Rh2 Rd3 65.h6 Rd7+ 66.Kg6 Rc7 67.h7
Rxh7 68.Rxh7 Kd5 69.Rb7 Kc6 70.Rb8 c4 71.Kf5 Kc5 72.Ke4 b5 73.Ke3 Kb4 74.
Kd4 Ka4 75.Kc3 b4+ 76.Kc2 b3+ 77.Kb1 c3 78.bxc3 Ka3 79.c4 a4 80.c5 b2 81.
Ra8 1-0